| 000 | 00351nam a2200133Ia 4500 | ||
|---|---|---|---|
| 008 | 240624s9999 xx 000 0 und d | ||
| 041 | _aeng | ||
| 082 | _a020 KUM | ||
| 100 | _aKUMAR HANUMAPPA ANIL | ||
| 245 | _aPROCEEDINGS OF THE VIII MANLIBNET CONVEN | ||
| 260 |
_c2006 _aNew Delhi _bAllied Publishers |
||
| 300 | _axvi, , 308p. , 23cm. | ||
| 365 | _cRS | ||
| 999 |
_c7929 _d7929 |
||